Secret lives and other stories

-д хадгалсан:
Номзүйн дэлгэрэнгүй
Үндсэн зохиолч: NGUGI, Wa Thiongo, 1938
Формат: Ном
Хэл сонгох:англи
Хэвлэсэн: Heinemann, 1975
Шошгууд: Шошго нэмэх
Шошго байхгүй, Энэхүү баримтыг шошголох эхний хүн болох!

MARC

LEADER 00000nam a22000007a 4500
008 201222b ||||| |||| 00| 0 eng d
020 |a  0-435-90975-4 
100 |a NGUGI, Wa Thiongo, 1938  
245 |a Secret lives and other stories  |c Ngugi Wa Thiongo  |g Xiii, 144p. 
260 |b Heinemann,   |c  1975  |h Oxford  |i 274951  |l PR9898.28 .N4Se2 
500 |a (African writer series; 150). 
942 |a lcc  |c BK  |e ADEYEYE Y. S.  |f 22/12/2020 
952 |0 0  |1 0  |2 lcc  |4 0  |6 PR989828 N4 S E2  |7 0  |9 1114  |a HOL  |b AC  |c LP  |d 2020-12-22  |l 0  |o PR9898.28 .N4Se2  |p 2020-230323  |r 2020-12-22 00:00:00  |w 2020-12-22  |y BK 
999 |c 576  |d 576